• 首页
  • 本馆介绍
  • 公告通知
  • 最新文献
  • 馆藏检索
  • 电子资源
  • 读者导购
  • 参考咨询
  • 我的图书馆
  • 登录
  • 详细信息显示
  • 放入我的书架
  • 预约/预借图书
  • 作者相关作品
  • 分类相关作品
  • 丛书相关作品
  • 出版社相关作品

书目信息

  • 表格格式
  • 工作单格式
  • 卡片格式
书名: EXAMINATION PAPERS FOR FACULTY OF SCIENCE AND ENGINEERING
作者:
分册号:
分册名:
出版地:
 
出版社:
出版时间: 1988.
页数: 855 p. :
开本: 29cm.
丛书名:
中图分类号:
科图分类号:
其他分类号: O:H31
主题词:
电子资源:
000 00407nam 2200145 a 4500
001 E0751982198
005 20070728162935.18
008 070227s1988 00010 eng
020    @cCNY3.70.
040    @aPFT@beng
090    @aO:H31
099    @dO:H31@ex81
245    @aEXAMINATION PAPERS FOR FACULTY OF SCIENCE AND ENGINEERING :@bSession:1976-77,Session:1977-78.
260    @c1988.
300    @a855 p. :@bpicture ;@c29cm.
    
    EXAMINATION PAPERS FOR FACULTY OF SCIENCE AND ENGINEERING : : Session:1976-77,Session:1977-78.-1988.
    855 p. : : picture ; ; 29cm.
    
    
    ISBN CNY3.70.
    
●
相关链接 在E读中查询图书 在五车中查询图书 在当当中查询图书 在豆瓣中查询图书


正题名:EXAMINATION PAPERS FOR FACULTY OF SCIENCE AND ENGINEERING     索取号:O:H31/x81         预约/预借

序号 登录号 条形码 馆藏地/架位号 状态 备注
1 0014413   300144136   密集书库/ [索取号:O:H31/x81] 在馆    
2 0014414   300144145   密集书库/ [索取号:O:H31/x81] 在馆    
3 49598   000455402   第四借阅区/ [索取号:O:H31/x81] 在馆    
4 49599   000455082   第四借阅区/ [索取号:O:H31/x81] 在馆    
5 49600   000455206   第四借阅区/ [索取号:O:H31/x81] 在馆    
6 49601   000455162   第四借阅区/ [索取号:O:H31/x81] 在馆    
7 49602   000455126   第四借阅区/ [索取号:O:H31/x81] 在馆    
唐山师范学院图书馆 欢迎您!
大连网信软件有限公司© 版权所有